000 00385nam a2200169Ia 4500
008 220531s9999 xx 000 0 und d
041 _aeng
082 _bLAL
100 _aLall, Ramji
_947807
245 _aStudies In Poets John Keats
260 _bRama
_c2002
300 _a258
542 _d22-04-2002
650 _aEnglish
_947808
906 _d2002-2003
999 _c28025
_d28025